Bảo quản và chế biến sắn

Spremljeno u:
Bibliografski detalji
Glavni autor: Cao, văn Hùng
Format: Knjiga
Jezik:Undetermined
Izdano: Hà Nội Nông nghiệp 2001
Teme:
Oznake: Dodaj oznaku
Bez oznaka, Budi prvi tko označuje ovaj zapis!
Thư viện lưu trữ: Trung tâm Học liệu Trường Đại học Cần Thơ
LEADER 00536nam a2200193Ia 4500
001 CTU_63338
008 210402s9999 xx 000 0 und d
020 |b 12000 
082 |a 664.23 
082 |b H513 
100 |a Cao, văn Hùng 
245 0 |a Bảo quản và chế biến sắn 
245 0 |c Cao văn Hùng 
260 |a Hà Nội 
260 |b Nông nghiệp 
260 |c 2001 
650 |a Food conservation,Cassava industry 
904 |i Mai Loan 
980 |a Trung tâm Học liệu Trường Đại học Cần Thơ